Reason & Writing (Record no. 3482)

000 -LEADER
fixed length control field 00502nam a22001817a 4500
003 - CONTROL NUMBER IDENTIFIER
control field OSt
005 - DATE AND TIME OF LATEST TRANSACTION
control field 20211117075346.0
008 - FIXED-LENGTH DATA ELEMENTS--GENERAL INFORMATION
fixed length control field 211117b ||||| |||| 00| 0 eng d
020 ## - INTERNATIONAL STANDARD BOOK NUMBER
International Standard Book Number 9780176613860
040 ## - CATALOGING SOURCE
Transcribing agency ALUPE UNIVERSITY
050 ## - LIBRARY OF CONGRESS CALL NUMBER
Classification number PE1408
Item number .W74 2011
110 ## - MAIN ENTRY--CORPORATE NAME
Corporate name or jurisdiction name as entry element Fanshawe College
245 ## - TITLE STATEMENT
Title Reason & Writing
Remainder of title Custom Edition of Essay Essentials
260 ## - PUBLICATION, DISTRIBUTION, ETC.
Place of publication, distribution, etc. Toronto, Ontario
Name of publisher, distributor, etc. Nelson Education Limited
Date of publication, distribution, etc. c2011
300 ## - PHYSICAL DESCRIPTION
Extent 509p. :ill
Size of unit 25 cm
650 ## - SUBJECT ADDED ENTRY--TOPICAL TERM
Topical term or geographic name entry element Writing
942 ## - ADDED ENTRY ELEMENTS (KOHA)
Source of classification or shelving scheme
Koha item type Book
Suppress in OPAC MM
Holdings
Withdrawn status Lost status Source of classification or shelving scheme Damaged status Not for loan Permanent Location Current Location Shelving location Date acquired Source of acquisition Total Checkouts Full call number Barcode Date last seen Price effective from Koha item type Public note
          AU LIBRARY AU LIBRARY Open Shelf 17.11.2021 DONATION FROM MOI UNIVERSITY   PE1408 .W74 2011 28000841 17.11.2021 17.11.2021 Book MM

Powered by Koha